Research from De Montfort University marketing department

Bibliographic Details
Corporate Author: ProQuest (Firm)
Other Authors: Mclaren, Pauline., Pickton, David.
Format: Electronic eBook
Language:English
Published: Bradford, England : Emerald Group Publishing, c2002.
Series:Marketing intelligence & planning ; v.20, no. 6
Subjects:
Online Access:Click to View
LEADER 01250nam a2200337Ia 4500
001 EBC232244
003 MiAaPQ
005 20200520144314.0
006 m o d |
007 cr cn|||||||||
008 000815s2002 enk s 000 0 eng d
020 |z 0861767675 
035 |a (MiAaPQ)EBC232244 
035 |a (Au-PeEL)EBL232244 
035 |a (CaPaEBR)ebr10052826 
035 |a (CaONFJC)MIL47959 
035 |a (OCoLC)133163448 
040 |a MiAaPQ  |c MiAaPQ  |d MiAaPQ 
050 4 |a HF5415.2  |b .R47 2002 
245 0 0 |a Research from De Montfort University marketing department  |h [electronic resource] /  |c guest editors, Pauline Mclaren and David Pickton. 
260 |a Bradford, England :  |b Emerald Group Publishing,  |c c2002. 
300 |a 73 p. 
490 0 |a Marketing intelligence & planning ;  |v v.20, no. 6 
533 |a Electronic reproduction. Ann Arbor, MI : ProQuest, 2015. Available via World Wide Web. Access may be limited to ProQuest affiliated libraries. 
650 0 |a Marketing research. 
650 0 |a Marketing. 
655 4 |a Electronic books. 
700 1 |a Mclaren, Pauline. 
700 1 |a Pickton, David. 
710 2 |a ProQuest (Firm) 
856 4 0 |u https://ebookcentral.proquest.com/lib/matrademy/detail.action?docID=232244  |z Click to View